000 00951cad a22002175a 4500
001 L153115
008 110609s2011 xxk 000 0 eng d
035 _a(Sirsi) u153115
041 0 _aeng
100 1 _aAtkins, John
110 2 _aEC Harris
_94930
245 0 0 _aMarket insight
_bGermany
_bSummer 2011
_h[electronic resource]
260 _a[S.l.]
_bECHarris
_c2011
490 0 _aEC Harris Market Insight
520 _aOffice fit out costs can be a substantial 'add-on' when a client has commissioned a new office or is undertaking an office refurbishment; analysis of costs of office fit outs in Germany to provide indicative ranges of costs for a number of different client types.
590 _aKA NTK
651 4 _aGermany
690 _aBUILT ENVIRONMENT-CONSTRUCTION MARKET
856 4 0 _uhttps://www.echarris.com/PDF/7918_German%20Market%20Insight_Summer%202011%20FINAL.pdf
_zView the item free of charge at www.echarris.com
942 _n0
999 _c112382
_d112382